[Event "Olympiad Women 2024"]
[Site "Budapest HUN"]
[Date "2024.09.16"]
[Round "6.56"]
[Board "3"]
[White "Alvarado Perez, Coralys M."]
[Black "Ntsielo, Bonolo"]
[Result "0-1"]
[WhiteElo "1694"]
[BlackElo "1757"]
[PlyCount "90"]
[EventDate "2024.09.11"]
[WhiteTeam "Puerto Rico"]
[BlackTeam "Lesotho"]
[WhiteTeamCountry "PUR"]
[BlackTeamCountry "LES"]

1. e4 e6 2. d3 d5 3. Nd2 Nf6 4. g3 b6 5. Bg2 Bb7 6. e5 Nfd7 7. d4 c5 8. c3 Nc6 9. Ne2 cxd4 10. cxd4 Rc8 11. O-O Ba6 12. Nf3 Be7 13. a3 $146 ({RR} 13. Bd2 O-O 14. h4 Bd3 15. Be3 Bf5 16. Nh2 h6 17. f4 Bh7 18. f5 Bxf5 19. Rxf5 exf5 20. Qd3 {½-½ Haas,M (2185)-Behling,R (2240) Verbandsliga Nord Baden 0809 2008 (4.1)}) 13... Na5 14. Re1 O-O 15. Nc3 Nc4 16. Bf1 Nb8 17. Ne2 Qd7 18. Nf4 Rc7 19. b3 Na5 20. Bd2 Bxf1 21. Rxf1 Qb5 22. Bxa5 Qxa5 23. b4 Qa6 24. Rc1 Rfc8 25. Rxc7 Rxc7 26. Qb3 Qc4 27. Rb1 g5 28. Nh5 g4 29. Qe3 Qc2 30. Nd2 Rc3 31. Qf4 Qg6 32. Nf6+ Bxf6 33. exf6 Nd7 34. Qd6 Nxf6 35. Qb8+ Kg7 36. Qxa7 Qc2 37. Qxb6 Qxd2 38. a4 Qa2 39. Rf1 Qxa4 40. Qb8 Rb3 41. Qf4 h6 42. h3 Rxb4 43. hxg4 Rxd4 44. Qe5 Rxg4 45. Ra1 Qd4 0-1

[Event "Olympiad Women 2024"]
[Site "Budapest HUN"]
[Date "2024.09.16"]
[Round "6.57"]
[Board "1"]
[White "Gertrude Banini"]
[Black "Sawan, Eman"]
[Result "0-1"]
[WhiteElo "1712"]
[BlackElo "1972"]
[PlyCount "94"]
[EventDate "2024.09.11"]
[WhiteTeam "Ghana"]
[BlackTeam "Palestine"]
[WhiteTeamCountry "GHA"]
[BlackTeamCountry "PLE"]

1. d4 Nf6 2. Nf3 g6 3. Bf4 Bg7 4. e3 O-O 5. Be2 d6 6. Nbd2 Nbd7 7. h3 b6 8. O-O Bb7 9. c3 Re8 10. Qc2 ({RR} 10. Bh2 e5 11. dxe5 dxe5 12. Nc4 Ne4 13. Qc2 Qe7 14. Rad1 Rad8 15. b4 Ng5 16. Ncd2 f5 17. Nxg5 Qxg5 18. Nf3 Qe7 19. Qa4 a6 20. Bxa6 Bxf3 21. gxf3 Nf6 22. Bb5 Rf8 23. Bc4+ Kh8 24. Rxd8 Rxd8 {1-0 Burmakin,V (2522)-Semeniuk,A (2474) RUS-chT 08th Group1 2001 (2)}) 10... e5 11. dxe5 dxe5 12. Bg5 ({RR} 12. Bh2 Qe7 13. e4 Nc5 14. Rfe1 Nfxe4 15. Nxe4 Bxe4 16. Bd3 Bxd3 17. Qd2 e4 18. b4 Ne6 19. Nd4 Nxd4 20. cxd4 Bxd4 21. Rad1 Rad8 22. Qc1 Qxb4 23. Bxc7 Rc8 24. Rxd3 exd3 25. Rxe8+ Rxe8 26. Bf4 Re1+ {0-1 Lakshmi Priya Batta (1420)-Zaksaite,S (2212) Swiss Queens Wed #7 2024 (10.44)}) 12... h6 $146 ({RR} 12... Qe7 13. Rad1 a6 14. Nh2 h6 15. Bh4 Qf8 16. Ng4 Nd5 17. Bf3 f5 18. Bxd5+ Bxd5 19. e4 Be6 20. exf5 gxf5 21. Ne3 f4 22. Ng4 h5 23. Nh2 Bf5 24. Ne4 Nc5 25. f3 Qf7 26. b4 Nxe4 27. fxe4 {0-1 Curwin,N (1547)-Ramoutar,A (2289) Central America Carribean-ch U20 2019 (1)}) ({RR} 12... e4 13. Nh2 Qe7 14. Bb5 c6 15. Ba4 Qc5 16. Bh4 a5 17. Nb3 Qh5 18. Bxf6 Nxf6 19. c4 b5 20. cxb5 cxb5 21. Qc5 bxa4 22. Qxh5 Nxh5 23. Nc5 Ba6 24. Nxa6 Rxa6 25. Rab1 Rb6 26. g4 Nf6 27. Rfd1 {0-1 Alefs,H (1650)-Savinova,Y (1722) Bad Wiessee Seniors op 2012 (8)}) 13. Bh4 Qe7 14. Rfd1 a6 15. Bg3 Nh5 16. Bh2 f5 17. e4 f4 18. Ne1 Nhf6 19. f3 g5 20. Nd3 h5 21. Nf2 Rad8 22. a3 Kh8 23. b4 Bh6 24. Nb3 Rg8 25. Kf1 Nf8 26. Rxd8 Qxd8 27. c4 Bc8 28. c5 g4 29. fxg4 hxg4 30. hxg4 Nxg4 31. Nxg4 Bxg4 32. Bxa6 Qh4 33. Bg1 f3 34. gxf3 Bh3+ 35. Ke2 Rg2+ 36. Kd3 Qd8+ 37. Kc3 Rxc2+ 38. Kxc2 Be6 39. cxb6 cxb6 40. Kb2 Bxb3 41. Kxb3 Ne6 42. Bc4 Nd4+ 43. Bxd4 Qxd4 44. Rf1 Bd2 45. Ba6 Qc3+ 46. Ka4 Qc6+ 47. Kb3 b5 0-1

[Event "Olympiad Women 2024"]
[Site "Budapest HUN"]
[Date "2024.09.16"]
[Round "6.57"]
[Board "2"]
[White "Hamouri, Taqwa"]
[Black "Benson, Maud"]
[Result "1-0"]
[WhiteElo "1845"]
[BlackElo "1682"]
[PlyCount "99"]
[EventDate "2024.09.11"]
[WhiteTeam "Palestine"]
[BlackTeam "Ghana"]
[WhiteTeamCountry "PLE"]
[BlackTeamCountry "GHA"]

1. e4 d6 2. d4 Nf6 3. Nc3 c6 4. Bg5 Nbd7 5. f4 Qa5 6. Qd2 e5 7. Nf3 Be7 8. Bd3 ({RR} 8. g3 h6 9. Bh4 b5 10. Bd3 Bb7 11. dxe5 dxe5 12. fxe5 Nxe5 13. Nxe5 g5 14. Nf3 b4 15. Ne2 Ng4 16. Ned4 Ne5 17. Nxe5 Qxe5 18. Nf5 gxh4 19. Qf4 Qxb2 20. Ke2 Rd8 21. Rab1 Qf6 22. Rhf1 hxg3 {1-0 Kovalev,V (2629)-Saveljev,V (2360) EU-ch 18th Minsk 2017 (1)}) ({RR} 8. fxe5 dxe5 9. d5 O-O 10. d6 Bd8 11. O-O-O b5 12. Bxf6 Bxf6 13. Kb1 b4 14. Ne2 Nc5 15. Ng3 Be6 16. a3 Rab8 17. Nf5 Nxe4 18. Qe1 Nc3+ 19. Kc1 Nxd1 20. Ne7+ Kh8 21. Kxd1 Rfd8 22. Kc1 Rxd6 {0-1 Hrabinska,M (2210)-Lisjak,Z (2226) Titled Tue 7th Mar Early 2023 (10)}) 8... exd4 9. Nxd4 Nc5 10. Be2 $146 ({RR} 10. O-O-O Nxd3+ 11. Qxd3 Bg4 12. Rde1 Be6 13. Nxe6 fxe6 14. e5 Nd5 15. Bxe7 Kxe7 16. exd6+ Kxd6 17. Qd4 Rae8 18. Ne4+ Kc7 19. Qxg7+ Kb6 20. Nd6 Qxa2 21. Qxb7+ Kc5 22. Ne4+ Kd4 23. c3+ Kd3 24. Nf2+ Kc4 {1-0 Ricci,M (2215)-Heifez,E (2220) Vienna op-B 1996 (6)}) ({RR} 10. O-O-O h6 11. Bh4 Qb4 12. Nf3 Bg4 13. e5 Nxd3+ 14. cxd3 Bxf3 15. gxf3 dxe5 16. Rhe1 Qxf4 17. Qxf4 exf4 18. Bxf6 gxf6 19. Re4 Kd7 20. Rxf4 Rhg8 21. Ne4 Rg6 22. Rd2 f5 23. Rxf5 Ke6 24. Rh5 f5 {0-1 Jamrich,G (2284)-Boons,P (2029) Ghent Taminco op 37th 2014 (8)}) 10... Qb4 11. Rb1 O-O 12. O-O Re8 13. e5 dxe5 14. fxe5 Nce4 15. Nxe4 Nxe4 16. Qxb4 Bxb4 17. Bf4 g5 18. Bf3 Bd2 19. Bxe4 Bxf4 20. Rfe1 Rxe5 21. g3 f5 22. gxf4 Rxe4 23. Rxe4 fxe4 24. fxg5 c5 25. Ne2 Be6 26. b3 Rf8 27. Rd1 Bg4 28. Re1 Rf3 29. Ng3 e3 30. Ne4 Bf5 31. Ng3 Bxc2 32. Nf1 e2 33. Rxe2 Bd3 34. Rf2 Rxf2 35. Kxf2 Bb1 36. a3 Bc2 37. Nd2 Kg7 38. Kf3 Kg6 39. Kg4 b5 40. h4 Bd1+ 41. Kf4 a5 42. Ne4 b4 43. axb4 cxb4 44. Nd2 a4 45. bxa4 Bxa4 46. Nc4 Kh5 47. Kg3 b3 48. Nb2 Bc6 49. Nd3 Bd7 50. Nf4# 1-0

[Event "Olympiad Women 2024"]
[Site "Budapest HUN"]
[Date "2024.09.16"]
[Round "6.57"]
[Board "3"]
[White "Felix, Tobi"]
[Black "Faqeeh, Yara"]
[Result "0-1"]
[WhiteElo "1677"]
[BlackElo "1671"]
[PlyCount "84"]
[EventDate "2024.09.11"]
[WhiteTeam "Ghana"]
[BlackTeam "Palestine"]
[WhiteTeamCountry "GHA"]
[BlackTeamCountry "PLE"]

1. d4 Nf6 2. Nf3 g6 3. Bg5 Bg7 4. e3 d6 5. Be2 Nbd7 6. c4 O-O 7. Nc3 a6 8. O-O h6 9. Bh4 g5 10. Bg3 Nh5 11. Qc2 Nxg3 12. hxg3 e5 13. dxe5 $146 ({RR} 13. Rad1 c6 14. Rd2 Qe7 15. dxe5 dxe5 16. Ne4 f5 17. Nd6 Nc5 18. b4 Ne4 19. Nxe4 fxe4 20. Nh2 Bf5 21. c5 Rfd8 22. Rfd1 Rxd2 23. Qxd2 Be6 24. Bg4 Bd5 25. Qc2 Qf7 26. Rd2 a5 27. b5 Kh8 {0-1 Gemesi,A (2195)-Besztercsenyi,T (2310) HUN-chT 9697 1996 (12)}) 13... dxe5 14. Rfd1 f5 15. Rd2 c6 16. Rad1 Qe7 17. b3 e4 18. Nh2 Nc5 19. b4 Ne6 20. c5 Nc7 21. Na4 Be6 22. Bc4 Rad8 23. Nb6 Rxd2 24. Rxd2 Rd8 25. Nf1 Bd5 26. Qb3 Qe6 27. a3 Bf6 28. Kh2 Kg7 29. a4 Bxc4 30. Nxc4 Nd5 31. Nd6 Rd7 32. b5 axb5 33. axb5 Be5 34. bxc6 bxc6 35. Nc4 Bf6 36. Nd6 Be7 37. Qb2+ Kg6 38. Ne8 Bxc5 39. Qh8 Qf7 40. Ra2 Rd8 41. Qc3 Nxc3 42. Ra6 Qxe8 0-1

[Event "Olympiad Women 2024"]
[Site "Budapest HUN"]
[Date "2024.09.16"]
[Round "6.57"]
[Board "4"]
[White "Natsheh, Wajd"]
[Black "Dotse Dzidzor Esi"]
[Result "1-0"]
[WhiteElo "1739"]
[BlackElo "1530"]
[PlyCount "71"]
[EventDate "2024.09.11"]
[WhiteTeam "Palestine"]
[BlackTeam "Ghana"]
[WhiteTeamCountry "PLE"]
[BlackTeamCountry "GHA"]

1. e4 c6 2. c4 d5 3. cxd5 cxd5 4. exd5 Qxd5 5. Nc3 Qd8 6. d4 Nf6 7. Nf3 Bg4 ({RR} 7... g6 8. h3 Bg7 9. Bc4 O-O 10. O-O Nc6 11. a3 Bf5 12. d5 Na5 13. Ba2 Rc8 14. Re1 b6 15. Nd4 Bd7 16. Bg5 h6 17. Bh4 Nb7 18. Qe2 Re8 19. Rad1 Nd6 20. Bg3 Rc5 21. Qd3 Qc8 22. Nc6 {1-0 Bortnyk,O (2608)-Firouzja,A (2737) Bullet Chess Losers 2024 (3.12)}) 8. Qb3 ({RR} 8. Bd3 e6 9. O-O Nc6 10. h3 Bxf3 11. Qxf3 Qxd4 12. Rd1 Qb6 13. b3 Be7 14. Bb2 O-O 15. Rac1 Rad8 16. Ne4 Nd4 17. Qe3 e5 18. Bc4 Nxe4 19. Qxe4 Bf6 20. Bd3 g6 21. h4 h5 22. g4 Bxh4 {1-0 Wong,H-Lau,C (1656) Asian Rapid Teams 2024 (11.48)}) 8... Bxf3 9. gxf3 Nc6 $146 ({RR} 9... Qb6 10. Qxb6 axb6 11. Bb5+ Kd8 12. Be3 Nbd7 13. Ke2 e6 14. Rhd1 Bd6 15. d5 e5 16. Na4 Bc5 17. Nxc5 bxc5 18. a4 b6 19. b4 cxb4 20. Rab1 Nc5 21. Rxb4 Nfd7 22. d6 Kc8 23. Rc1 Ra7 24. Bc6 {½-½ Aperia,T-Benjamin,J Hallsberg op U18 1975 (1)}) 10. Qxb7 Nxd4 11. Bb5+ Nxb5 12. Qc6+ Nd7 13. Nxb5 Rc8 14. Qd5 e6 15. Qd3 a6 16. Nc3 Nc5 17. Qe2 Be7 18. O-O O-O 19. Kh1 Qd3 20. Qd1 Rfd8 21. Be3 Qxd1 22. Raxd1 Nd3 23. Rb1 Nxb2 24. Rxb2 Rxc3 25. Rb7 Bf6 26. Bb6 Rdc8 27. a4 Rxf3 28. Kg2 Rb3 29. a5 Bd4 30. Rc1 Re8 31. Rcc7 Bxb6 32. Rxb6 Rxb6 33. axb6 g6 34. b7 Kg7 35. Rc8 a5 36. Rxe8 1-0

[Event "Olympiad Women 2024"]
[Site "Budapest HUN"]
[Date "2024.09.16"]
[Round "6.58"]
[Board "1"]
[White "Georgina Sackie"]
[Black "Park, Sunwoo"]
[Result "0-1"]
[WhiteElo "1688"]
[BlackElo "1877"]
[PlyCount "90"]
[EventDate "2024.09.11"]
[WhiteTeam "Liberia"]
[BlackTeam "South Korea"]
[WhiteTeamCountry "LBR"]

1. d4 Nf6 2. c4 e6 3. Nf3 c5 4. d5 exd5 5. cxd5 d6 6. Nc3 Be7 7. e4 O-O 8. h3 Re8 9. Bd3 a6 10. a4 Nbd7 11. Bf4 Nf8 12. O-O Ng6 13. Bh2 b6 $146 ({RR} 13... Bf8 14. Nd2 Ne5 15. Qe2 Nxd3 16. Qxd3 Nd7 17. f4 f6 18. Nc4 Nb6 19. b3 Bd7 20. Rfb1 Rb8 21. a5 Na8 22. e5 fxe5 23. fxe5 dxe5 24. Bxe5 Rc8 25. Qg3 Bb5 26. Rf1 Qd7 27. Ne4 Kh8 28. Ng5 {1-0 Bakos,B (2108)-Freyd,L (1991) Miskolc Avas op 2003 (5)}) ({RR} 13... Bd7 14. Nd2 Rb8 15. Nc4 Bxa4 16. Nxa4 b5 17. Na5 Qxa5 18. Nxc5 Qb6 19. Nxa6 Ra8 20. Nb4 Rxa1 21. Qxa1 Qd4 22. Qa3 Nxe4 23. Bxb5 Rf8 24. Bd3 Bf6 25. Bxe4 Qxe4 26. Bxd6 Nh4 27. f3 Qe2 28. Rf2 {0-1 El Amary,K (2113)-Bolens,J Australian op 2000 (1)}) 14. Rb1 Nd7 15. Bc2 Qc7 16. Nd2 Bf6 17. f4 Rb8 18. Nf3 b5 19. axb5 axb5 20. e5 dxe5 21. Bxg6 hxg6 22. Ne4 Qb6 23. Nxf6+ gxf6 24. fxe5 Nxe5 25. Nxe5 fxe5 26. Qf3 c4+ 27. Kh1 Rb7 28. Rbe1 Qd6 29. Rd1 Bf5 30. Qg3 Bd3 31. Rf3 Be2 32. Rff1 Bxd1 33. Rxd1 b4 34. Qg5 c3 35. bxc3 bxc3 36. h4 c2 37. Rc1 Qxd5 38. Bg1 Rb1 39. Be3 Rxc1+ 40. Bxc1 Qd1+ 41. Kh2 Qh5 42. Qf6 Qf5 43. Qb6 e4 44. Bg5 e3 45. Bxe3 Qe5+ 0-1

[Event "Olympiad Women 2024"]
[Site "Budapest HUN"]
[Date "2024.09.16"]
[Round "6.58"]
[Board "2"]
[White "Khan, Anastasia"]
[Black "Meleh M. Davis"]
[Result "1-0"]
[WhiteElo "1859"]
[BlackElo "1602"]
[PlyCount "69"]
[EventDate "2024.09.11"]
[WhiteTeam "South Korea"]
[BlackTeam "Liberia"]
[BlackTeamCountry "LBR"]

1. d4 d5 2. Bf4 Nf6 3. e3 Bg4 4. Nf3 e6 5. Nbd2 c5 ({RR} 5... Bd6 6. Bg3 Ne4 7. Be2 Nxg3 8. hxg3 c5 9. dxc5 Bxc5 10. O-O Nc6 11. c4 dxc4 12. Nxc4 Qxd1 13. Rfxd1 Ke7 14. a3 a6 15. b4 Ba7 16. Nd6 Rab8 17. Rac1 Rhd8 18. Nxb7 Rxb7 19. Rxc6 Rxd1+ 20. Bxd1 {½-½ Kahn,E (2325)-Dreev,A (2690) Dos Hermanas Internet f 4th 2003 (1.1)}) 6. h3 ({RR} 6. c3 Bd6 7. Qb3 b6 8. Qb5+ Ke7 9. Bxd6+ Qxd6 10. dxc5 bxc5 11. c4 Nbd7 12. cxd5 Bxf3 13. Nxf3 Nxd5 14. Qa6 Qxa6 15. Bxa6 Nb4 16. Bb7 Nc2+ 17. Kd2 Nxa1 18. Bxa8 Nb3+ 19. axb3 Rxa8 20. Rc1 Rb8 {1-0 Braganca,J (1235)-Da Silva,K 9th Floripa Open 2023 (9.234)}) 6... Bh5 7. Bb5+ Nc6 8. c3 $146 ({RR} 8. O-O Bd6 9. Bg5 h6 10. Bh4 a6 11. Be2 O-O 12. dxc5 Bxc5 13. g4 g5 14. Bg3 Bg6 15. Bd3 Bxd3 16. cxd3 Bd6 17. Bxd6 Qxd6 18. Qb3 b5 19. Rac1 Rfc8 20. a3 Nd7 21. Qd1 Nde5 22. Qe2 Nxf3+ {1-0 Kitarovic,M (2013)-Leovac,M Treber Memorial 5th 2008 (9)}) 8... Qb6 9. Qa4 a6 10. Bxc6+ Qxc6 11. Qxc6+ bxc6 12. Ne5 cxd4 13. cxd4 Bb4 14. f3 Bxd2+ 15. Kxd2 O-O 16. Nxc6 Kh8 17. Ne5 Rfc8 18. Rhc1 Ne8 19. Nd7 Rxc1 20. Rxc1 h6 21. b4 g5 22. Be5+ Kg8 23. Rc6 Bg6 24. a4 Bb1 25. Nc5 Ba2 26. Rxa6 Rxa6 27. Nxa6 Bc4 28. Nc5 Kf8 29. b5 f6 30. b6 fxe5 31. b7 exd4 32. b8=Q dxe3+ 33. Kxe3 Ke7 34. a5 Nd6 35. Qc7+ 1-0

[Event "Olympiad Women 2024"]
[Site "Budapest HUN"]
[Date "2024.09.16"]
[Round "6.58"]
[Board "3"]
[White "Abigail Karyah"]
[Black "Cho, Yeonhee"]
[Result "1-0"]
[WhiteElo "1790"]
[BlackElo "1696"]
[PlyCount "93"]
[EventDate "2024.09.11"]
[WhiteTeam "Liberia"]
[BlackTeam "South Korea"]
[WhiteTeamCountry "LBR"]

1. d4 d5 2. c4 c6 3. Nc3 Nf6 4. Nf3 dxc4 5. a4 Bf5 6. e3 e6 7. Bxc4 Bb4 8. O-O a5 9. Qe2 Nbd7 10. Rd1 Bg6 11. Bd3 O-O 12. e4 Re8 13. Bg5 $146 ({RR} 13. e5 Bxd3 14. Rxd3 Nd5 15. Ng5 h6 16. Nge4 Nf8 17. Rg3 Ng6 18. Qh5 Nde7 19. Nf6+ gxf6 20. Ne4 Nf5 21. Rxg6+ fxg6 22. Qxg6+ Kh8 23. Nxf6 Re7 24. Bxh6 Qc7 25. Rd1 Rg7 26. Bxg7+ Qxg7 27. Qh5+ Qh6 {½-½ Prudnikova,S (2220)-Filippova,D (2012) Cheliabinsk December Evenings-A 2019 (8)}) 13... e5 14. d5 Bxc3 15. dxc6 bxc6 16. bxc3 h6 17. Bc1 Nc5 18. Bc2 Qc7 19. Nd2 Rad8 20. f3 Ne6 21. Ba3 Nf4 22. Qf2 Nd7 23. Nc4 Kh8 24. Rd2 Ra8 25. Rad1 Nf6 26. Bd6 Qa7 27. Qxa7 Rxa7 28. Nxe5 Ne6 29. Nxg6+ fxg6 30. Bb3 Rb7 31. Bc4 Nd7 32. Kf2 Nb6 33. Bxe6 Rxe6 34. Rb2 Rd7 35. Rxb6 Rexd6 36. Rxd6 Rxd6 37. Ke2 g5 38. Ra6 Kg8 39. Rxa5 Kf7 40. Rc5 Ke7 41. a5 Kd7 42. a6 Kc7 43. a7 Rd8 44. Ra5 Ra8 45. Kd3 Kb7 46. e5 Kc7 47. g3 1-0

[Event "Olympiad Women 2024"]
[Site "Budapest HUN"]
[Date "2024.09.16"]
[Round "6.58"]
[Board "4"]
[White "Kim, Sarang"]
[Black "Princess K. Banney"]
[Result "1-0"]
[WhiteElo "1732"]
[BlackElo "1447"]
[PlyCount "73"]
[EventDate "2024.09.11"]
[WhiteTeam "South Korea"]
[BlackTeam "Liberia"]
[BlackTeamCountry "LBR"]

1. e4 c6 2. d4 d5 3. exd5 cxd5 4. Bd3 Nc6 5. c3 Nf6 6. Nf3 Bg4 7. Bf4 e6 8. Nbd2 Bd6 9. Bxd6 Qxd6 10. O-O Rb8 ({RR} 10... O-O-O 11. Re1 Kb8 12. b4 Rc8 13. Nb3 Qf4 14. Qd2 Qxd2 15. Nfxd2 Ne7 16. c4 dxc4 17. Nxc4 Bf5 18. Bxf5 Nxf5 19. Ne5 Rc7 20. Rac1 Rhc8 21. Nc5 Nxd4 22. Rcd1 Nc6 23. Nxc6+ Rxc6 24. a3 b6 25. Nd7+ {1-0 Leiva,G (2398)-Martinez Ramirez,L (2465) Titled Tue 19th Dec Early 2023 (5)}) 11. Qa4 $146 ({RR} 11. Qe2 O-O 12. h3 Bh5 13. g4 Bg6 14. Bxg6 hxg6 15. Ne5 b5 16. f4 b4 17. Nb3 bxc3 18. bxc3 Ne4 19. Qd3 Nxe5 20. dxe5 Qb6+ 21. Kg2 Rfc8 22. Rac1 Qc6 23. f5 exf5 24. gxf5 gxf5 25. Kh2 Qe6 {0-1 Karpov,P (2096)-Potapov,A (2394) Moscow-chT U26 final 2010 (3)}) 11... a6 12. Ne5 O-O 13. Rfe1 Bh5 14. Nb3 Nd7 15. Nxd7 Qxd7 16. Nc5 Qd6 17. b4 e5 18. Bf5 Rfd8 19. dxe5 Nxe5 20. f4 Nc4 21. Nxb7 Qb6+ 22. Nc5 Qf6 23. Nd7 Qd6 24. Nxb8 Qxb8 25. Qxa6 Qxf4 26. Bd3 Ne5 27. Qb6 Rf8 28. Qe3 Nxd3 29. Qxd3 Qd6 30. a4 f6 31. a5 Be8 32. Kh1 Bc6 33. b5 Ba8 34. Qd4 Qb8 35. b6 Bb7 36. a6 Bxa6 37. Rxa6 1-0

[Event "Olympiad Women 2024"]
[Site "Budapest HUN"]
[Date "2024.09.16"]
[Round "6.59"]
[Board "2"]
[White "Zenobia Wasif"]
[Black "Cruz, Bitia"]
[Result "1-0"]
[WhiteElo "1743"]
[BlackElo "1736"]
[PlyCount "71"]
[EventDate "2024.09.11"]
[WhiteTeam "Pakistan"]
[BlackTeam "Honduras"]
[WhiteTeamCountry "PAK"]
[BlackTeamCountry "HON"]

1. e4 c5 2. c4 d6 3. d3 Nc6 ({RR} 3... g6 4. g3 Bg7 5. Bg2 Nf6 6. f4 O-O 7. Nf3 Nc6 8. O-O Rb8 9. Nc3 a6 10. a4 Bg4 11. h3 Bxf3 12. Bxf3 Nd4 13. a5 b6 14. axb6 Rxb6 15. Ra3 Qd7 16. Bg2 e6 17. e5 dxe5 18. fxe5 {1-0 Vukovic,Z (2402)-Bahtijari,B (2253) MNT-chT 1st Herceg Novi 2006 (2)}) 4. h3 ({RR} 4. f4 Nf6 5. Nf3 e6 6. Be3 Be7 7. h3 Nh5 8. g4 Ng3 9. Rg1 Nxf1 10. Rxf1 O-O 11. Nc3 Re8 12. Qd2 Nb4 13. a3 Nc6 14. a4 Nb4 15. Na2 d5 16. Nxb4 cxb4 17. O-O-O Bd7 18. b3 a6 {0-1 Cortez Vilca,T (1275)-Miranda Fernandez,M (1527) Pan American-ch U12 2022 (3)}) 4... h6 $146 ({RR} 4... g6 5. Nc3 Bg7 6. Bd2 e6 7. Nf3 Nge7 8. Qc1 h5 9. Be2 Nd4 10. Nxd4 Bxd4 11. Be3 Bd7 12. Bxd4 cxd4 13. Nd1 Rc8 14. Qf4 e5 15. Qd2 Nc6 16. Qc2 O-O 17. a4 f5 18. exf5 Bxf5 19. Bf3 {0-1 Fries,K (1641)-Richter,G (1774) GER-ch Seniors Gp-A 19th 2007 (9)}) ({RR} 4... Nf6 5. Nf3 g6 6. Be2 Bg7 7. O-O O-O 8. Nc3 e6 9. Nh2 d5 10. cxd5 exd5 11. Bg5 d4 12. Nd5 Qd6 13. Bxf6 Bxf6 14. Bg4 Be6 15. Nxf6+ Kg7 16. e5 Qxe5 17. Ne4 f5 18. Nf3 Qd5 19. Nxc5 {1-0 Bensari,I-Chibane,N (1298) Bejaia op 1st 2012 (4)}) 5. Nf3 Nf6 6. Nc3 e5 7. Be2 Be7 8. O-O Be6 9. Nd5 Nd7 10. Nxe7 Qxe7 11. Nh2 O-O 12. f4 f5 13. Qe1 Nd4 14. Bd1 fxe4 15. Qxe4 Nf6 16. Qe1 e4 17. Be3 Nc6 18. Bc2 Nb4 19. Qd2 Bf5 20. dxe4 Nxc2 21. Qxc2 Nxe4 22. Rfe1 Qf7 23. g4 Bh7 24. f5 Nf6 25. Rad1 Ne8 26. b3 Qf6 27. Nf3 h5 28. Bg5 Qf7 29. Re7 Qxe7 30. Bxe7 Rf7 31. Re1 hxg4 32. hxg4 Nf6 33. Ng5 Nxg4 34. Nxf7 Kxf7 35. Qe4 Ne5 36. Bxd6 1-0

[Event "Olympiad Women 2024"]
[Site "Budapest HUN"]
[Date "2024.09.16"]
[Round "6.59"]
[Board "3"]
[White "Oseguera, Suhey"]
[Black "Mehak Gul"]
[Result "0-1"]
[WhiteElo "1590"]
[BlackElo "1709"]
[PlyCount "124"]
[EventDate "2024.09.11"]
[WhiteTeam "Honduras"]
[BlackTeam "Pakistan"]
[WhiteTeamCountry "HON"]
[BlackTeamCountry "PAK"]

1. e4 c6 2. d4 d5 3. Nc3 dxe4 4. Nxe4 Nd7 5. Nf3 Ngf6 6. Bd3 Nxe4 7. Bxe4 Nf6 8. Qd3 Nxe4 ({RR} 8... g6 9. c3 Bg7 10. Qe2 Nxe4 11. Qxe4 Bf5 12. Qe2 Qd5 13. Nh4 Be6 14. f4 O-O 15. O-O c5 16. dxc5 Qxc5+ 17. Be3 Qc6 18. Qf2 b6 19. Nf3 Bc4 20. Rfe1 Qb7 21. Ne5 Bd5 22. Qg3 e6 23. Bd4 {0-1 Cabe,A-Antonio,R (2525) Greenhills op 1997 (8)}) 9. Qxe4 Qd5 10. Qf4 ({RR} 10. Qxd5 cxd5 11. Bf4 Bf5 12. c3 e6 13. O-O f6 14. Rfe1 g5 15. Bg3 h5 16. h3 h4 17. Bh2 Kf7 18. Nd2 Rc8 19. Nf1 Be7 20. Ne3 Bg6 21. f4 gxf4 22. Bxf4 Be4 23. Ng4 b5 24. a3 Ke8 {½-½ Anquandah,F (1941)-Wageih,K (2402) 45th Olympiad 2024 (1.48)}) 10... Bf5 11. c4 $146 ({RR} 11. c3 Qe4+ 12. Qxe4 Bxe4 13. Nh4 e6 14. O-O c5 15. Re1 Bc6 16. Nf5 O-O-O 17. Ne3 cxd4 18. cxd4 Rxd4 19. Nc2 Rd3 20. a3 Be7 21. Be3 a6 22. Nb4 Bxb4 23. axb4 Rb3 24. Bd4 Rxb4 25. Bc3 Rb5 {0-1 Jansen,J (911)-Voigt,F Dortmund ABC Anfaenger 14th 2000 (11)}) 11... Qe4+ 12. Be3 Qxf4 13. Bxf4 e6 14. a4 Bb4+ 15. Ke2 Bg4 16. h3 Bxf3+ 17. Kxf3 Rd8 18. Rhd1 O-O 19. g4 h6 20. h4 Rd7 21. Rd3 f6 22. Kg2 e5 23. Be3 Rfd8 24. Rad1 e4 25. Rb3 a5 26. f3 exf3+ 27. Kxf3 Kf7 28. Rbd3 Ke6 29. Ke4 Re8 30. d5+ Kf7+ 31. Kf3 cxd5 32. cxd5 Rc8 33. Bd2 Bxd2 34. R1xd2 Rc5 35. Ke4 b5 36. Rc3 Rdc7 37. d6 Re5+ 38. Kf3 Rd7 39. Rc7 Ke6 40. Rxd7 Kxd7 41. axb5 Rxb5 42. Ke4 Re5+ 43. Kf3 h5 44. Rd4 Rb5 45. Rd2 Rb3+ 46. Kf4 Rb4+ 47. Kf5 Rxg4 48. Rd5 a4 49. Rd2 Rxh4 50. Kg6 Rg4+ 51. Kxh5 Rg5+ 52. Kh4 g6 53. Rf2 Rf5 54. Rg2 Rh5+ 55. Kg3 Rg5+ 56. Kf3 Rxg2 57. Kxg2 Kxd6 58. Kf3 Ke5 59. Kg4 Ke4 60. Kh4 Ke3 61. Kg4 f5+ 62. Kg3 f4+ 0-1

[Event "Olympiad Women 2024"]
[Site "Budapest HUN"]
[Date "2024.09.16"]
[Round "6.59"]
[Board "4"]
[White "Aayat Asmi"]
[Black "Maradiaga, Cesia"]
[Result "0-1"]
[WhiteElo "1421"]
[BlackElo "1675"]
[PlyCount "120"]
[EventDate "2024.09.11"]
[WhiteTeam "Pakistan"]
[BlackTeam "Honduras"]
[WhiteTeamCountry "PAK"]
[BlackTeamCountry "HON"]

1. e4 e5 2. Nf3 Nc6 3. Bb5 Nf6 4. d3 Ne7 5. Nxe5 c6 6. Ba4 ({RR} 6. Nxf7 Kxf7 7. Bc4+ d5 8. Bb3 Be6 9. e5 Nd7 10. d4 c5 11. c3 g6 12. Bg5 c4 13. Qf3+ Ke8 14. Ba4 Bg7 15. Qg3 Qa5 16. Bc2 Nf5 17. Qg4 Qb6 18. Bc1 Rf8 19. O-O Rf7 20. Qe2 Kf8 {0-1 Poci,P (1754)-Hernandez,C (1900) Buenos Aires Masters 2024 (5.49)}) 6... Qa5+ 7. Nc3 Qxe5 8. O-O Ng6 $146 ({RR} 8... Qh5 9. Ne2 g6 10. Ng3 Qa5 11. Bb3 Bg7 12. Bd2 Qc7 13. Bc3 O-O 14. Re1 d6 15. e5 dxe5 16. Bxe5 Qd8 17. a3 Nf5 18. Qd2 Nxg3 19. Bxg3 Nh5 20. c3 Nxg3 21. fxg3 Qb6+ {0-1 Geibel,K (1206)-Denda,R (2020) SVR-ch Seniors 36th 2013 (7)}) ({RR} 8... Qc7 9. d4 d6 10. Re1 Be6 11. d5 Bd7 12. Bg5 Ng6 13. f4 O-O-O 14. Qd3 Be7 15. b4 h6 16. Bxf6 Bxf6 17. Rab1 Nxf4 18. Qd2 Ng6 19. dxc6 Bxc6 20. b5 Bxc3 21. Qxc3 Bd7 22. Qxg7 Be6 23. Qb2 {0-1 Filip,T (1558)-Vitak,J (1519) CZE-ch U12 Kouty nad Desnou 2013 (9)}) 9. Be3 Be7 10. f4 Qc7 11. f5 Ne5 12. d4 Nc4 13. Bf4 d6 14. Bb3 b5 15. Qc1 O-O 16. Bxc4 bxc4 17. Qe3 Qb7 18. b3 cxb3 19. axb3 Re8 20. Qg3 Nh5 21. Qf3 Nxf4 22. Qxf4 Bf8 23. Rf3 Qb4 24. Ra4 Qb7 25. Rg3 Qd7 26. Rg4 d5 27. e5 Qxf5 28. Qxf5 Bxf5 29. Rg3 Bxc2 30. Ra6 Bxb3 31. Rxc6 Rec8 32. Rxc8 Rxc8 33. Nb5 Bc4 34. Nxa7 Rc7 35. Rc3 Rxa7 36. Kf2 Ra1 37. h3 Bb4 38. Re3 h5 39. Kg3 Be1+ 40. Kf3 Bd2 41. Re2 Bxe2+ 42. Kxe2 Bb4 43. Kf3 g5 44. g4 h4 45. Ke3 Rd1 46. Kf3 Rxd4 47. Ke3 Re4+ 48. Kd3 Rxe5 49. Kd4 f6 50. Kd3 Kf7 51. Kd4 Ke6 52. Kd3 Re4 53. Kc2 Re3 54. Kd1 Rxh3 55. Ke2 d4 56. Kf2 d3 57. Kg2 d2 58. Kxh3 d1=Q 59. Kg2 Qe2+ 60. Kh1 Qf1+ 0-1